Human rights :on gender,sex and the law in Nigeria. (Record no. 40876)

MARC details
000 -LEADER
fixed length control field 00427nam a2200181Ia 4500
020 ## - INTERNATIONAL STANDARD BOOK NUMBER
ISBN 9789785218251
050 ## - CALL MARK
Classification number KP 81 .O5/
100 ## - STATEMENT OF RESPONSIBILITY--MAIN AUTHOR NAME
Personal name Olomojobi, Yinka
245 #0 - TITLE STATEMENT
Title Human rights :on gender,sex and the law in Nigeria.
260 ## - PUBLICATION, DISTRIBUTION, ETC. (IMPRINT)
Place of publication Lagos
260 ## - PUBLICATION, DISTRIBUTION, ETC. (IMPRINT)
Name of publisher princeton
260 ## - PUBLICATION, DISTRIBUTION, ETC. (IMPRINT)
Year of publication 2015
300 ## - PHYSICAL DESCRIPTION
Number of Pages 289 p
650 ## - SUBJECT ADDED ENTRY--TOPICAL TERM
Topical Term Lagos
942 ## - ADDED ENTRY ELEMENTS (KOHA)
Koha item type Books
Holdings
Withdrawn status Lost status Damaged status Not for loan Permanent Location Current Location Shelving location Date acquired Accession Number Price effective from Koha item type
        Law Library Law Library Items on shelf 06/03/2025 0187592 06/03/2025 Books
        Law Library Law Library Items on shelf 06/03/2025 0187593 06/03/2025 Books